| 000 | 00992cam a2200229 a 4500 | ||
|---|---|---|---|
| 001 | 000005770 | ||
| 005 | 20200929151758.0 | ||
| 008 | 740326s1971 uy 001 p spa | ||
| 040 |
_aDO-SdBNP _cPPT _dDLC |
||
| 082 |
_aU861.44 _bA634p |
||
| 245 | 0 | 0 |
_aAntología de poetas modernistas menores. / _cprólogo, Arturo Sergio Visca. |
| 260 |
_aMontevideo, Uruguay : _bMinisterio de Educación y Cultura, _c1971. |
||
| 300 |
_alxvi, 392 p. ; _c19 cm. |
||
| 490 | 1 | _aBiblioteca artigas. | |
| 490 | 1 |
_aClásicos uruguayos _v139. |
|
| 505 | 0 | _aVidal Belo, T. -- Carreras, R. De las .-- Reyles, C. - Quiroga, H. -- Ferrando, F. - Minelli González, P. --Herrera y Reissig, J. - Miranda, , C. -- Poemas Cinco .-- Hebrón, A. del .-- Silva Valdés, F.. | |
| 650 | 4 |
_aPoesía uruguaya _93846 |
|
| 650 | 4 |
_aLiteratura uruguaya _ySIGLO XX _916336 |
|
| 700 | 1 |
_aVisca, Arturo,, _epról. _916337 |
|
| 830 | 0 |
_aBiblioteca Artigas. _pClásicos uruguayos ; _v139. _916276 |
|
| 910 | _aCatalogación por copia / LC | ||
| 999 |
_c5566 _d5566 |
||